Commercial guide to the forest economic products of India (Record no. 40059)

MARC details
000 -LEADER
fixed length control field 00441nam a2200169Ia 4500
082 ## - DEWEY DECIMAL CLASSIFICATION NUMBER
Classification number 630*79(540)
Item number PEA
100 ## - MAIN ENTRY--AUTHOR NAME
Personal name PEARSON, R S
245 #0 - TITLE STATEMENT
Title Commercial guide to the forest economic products of India
260 ## - PUBLICATION, DISTRIBUTION, ETC. (IMPRINT)
Place of publication Delhi
Name of publisher Periodical Experts Book Co
Year of publication 1980
650 ## - SUBJECT ADDED ENTRY--TOPICAL TERM
Topical Term Dyes
650 ## - SUBJECT ADDED ENTRY--TOPICAL TERM
Topical Term Forest products
650 ## - SUBJECT ADDED ENTRY--TOPICAL TERM
Topical Term Oil seeds
650 ## - SUBJECT ADDED ENTRY--TOPICAL TERM
Topical Term Resin
650 ## - SUBJECT ADDED ENTRY--TOPICAL TERM
Topical Term Tans
942 ## - ADDED ENTRY ELEMENTS (KOHA)
Koha item type Books
Holdings
Withdrawn status Lost status Damaged status Not for loan Home library Current library Date acquired Full call number Accession Number Koha item type
        RRII Library RRII Library 16/12/2021 630*79(540) PEA 20374 Books